000 00664nam a2200217 a 4500
008
020 _a1853153257 (pbk.)
049 _aMAIN
090 _aR840ONT
245 1 0 _aOn -The-Job Training for Physicians
_cDavid H.Hargreaves[... et al.]
260 _aUnited Kingdom :
_bThe Royal Society of Medicine Press
_c1997
300 _axv ,151 p.
_bill. ;
_c24 cm.
500 _aIncludes bibliographical references.
700 _aHargreaves, David H.
700 _aHargreaves,David H.
907 _a.b10145886
_b16-02-12
_c07-01-05
003
005 20230120203835.0
040 _cNUST
942 _cBOOKS
_kR840ONT
999 _c112411
_d112411